| 000 | 00591nam a2200217 a 4500 | ||
|---|---|---|---|
| 999 |
_c9676 _d9676 |
||
| 001 | 9676 | ||
| 003 | BD-JhCC | ||
| 005 | 20180321195913.0 | ||
| 008 | 180321s1965 bg a|||| ||a| 000 0 b d | ||
| 035 | _a(BD-JhCC)9676 | ||
| 040 |
_aBD-JhCC _dBD-JhCC |
||
| 041 | _aben | ||
| 082 |
_a891.4415 _bAHM 1965 |
||
| 100 | _aআহমদ, ফয়েজ | ||
| 245 |
_aরিম্ঝিম্ / _cফয়েজ আহমদ |
||
| 260 |
_aঢাকা: _bবাঙ্লা একাডেমী; _c1965. |
||
| 300 |
_a32 p. : _c24 cm. |
||
| 651 | _aRhymes | ||
| 942 |
_2ddc _cBK |
||